The McNamara strategy and the Vietnam War : (Record no. 5872)
[ view plain ]
| 000 -LEADER | |
|---|---|
| fixed length control field | 01016cam a2200301 a 4500 |
| 001 - CONTROL NUMBER | |
| control field | 5872 |
| 003 - CONTROL NUMBER IDENTIFIER | |
| rucl marc code | BD-RjUL |
| 005 - DATE AND TIME OF LATEST TRANSACTION | |
| control field | 20211208234138.0 |
| 008 - FIXED-LENGTH DATA ELEMENTS--GENERAL INFORMATION | |
| fixed length control field | 140107s1978 ctu b 001 0 eng |
| 020 ## - INTERNATIONAL STANDARD BOOK NUMBER | |
| International Standard Book Number | 031320313X : |
| 035 ## - SYSTEM CONTROL NUMBER | |
| System control number | (BD-RjUL)5911 |
| 040 ## - CATALOGING SOURCE | |
| Original cataloging agency | LC |
| Language of cataloging | eng |
| Transcribing agency | LC |
| Modifying agency | VMOU |
| -- | BD-RjUL |
| 041 ## - LANGUAGE CODE | |
| Language code of text/sound track or separate title | eng |
| 082 04 - DEWEY DECIMAL CLASSIFICATION NUMBER | |
| Classification number | 355.033573 |
| Author mark and year | PAM 1978 |
| 100 1# - MAIN ENTRY--PERSONAL NAME | |
| Personal name | Palmer, Gregory. |
| 9 (RLIN) | 18436 |
| 245 14 - TITLE STATEMENT | |
| Title | The McNamara strategy and the Vietnam War : |
| Remainder of title | program budgeting in the Pentagon, 1960-1968 / |
| Statement of responsibility, etc. | by Gregory Palmer. |
| 260 ## - PUBLICATION, DISTRIBUTION, ETC. (IMPRINT) | |
| Place of publication, distribution, etc. | Westport, Conn. : |
| Name of publisher, distributor, etc. | Greenwood Press, |
| Date of publication, distribution, etc. | 1978. |
| 300 ## - PHYSICAL DESCRIPTION | |
| Pagination | 169 p. ; |
| Size | 22 cm. |
| 504 ## - BIBLIOGRAPHY, ETC. NOTE | |
| Bibliography, etc | Includes bibliography and index. |
| 610 10 - SUBJECT ADDED ENTRY--CORPORATE NAME | |
| Corporate name or jurisdiction name as entry element | United States. |
| Subordinate unit | Department of Defense |
| 650 #0 - SUBJECT ADDED ENTRY--TOPICAL TERM | |
| Topical term or geographic name as entry element | Program budgeting |
| Geographic subdivision | United States. |
| 9 (RLIN) | 9303 |
| Topical term or geographic name as entry element | Vietnam War, 1961-1975 |
| Geographic subdivision | United States. |
| 9 (RLIN) | 5922 |
| 651 #0 - SUBJECT ADDED ENTRY--GEOGRAPHIC NAME | |
| Geographic name | United States |
| General subdivision | Military policy. |
| 9 (RLIN) | 6008 |
| 942 ## - ADDED ENTRY ELEMENTS (KOHA) | |
| Source of classification or shelving scheme | Dewey Decimal Classification |
| Koha item type | Books |
| Lost status | Source of classification or shelving scheme | Damaged status | Not for loan | Collection code | Permanent Location | Current Location | Date acquired | Source of acquisition | Cost, normal purchase price | Total Checkouts | Full call number | Date last seen | Copy number | Koha item type |
|---|---|---|---|---|---|---|---|---|---|---|---|---|---|---|
| Dewey Decimal Classification | Not For Loan | Non-fiction | Central Library, University of Rajshahi | Central Library, University of Rajshahi | 19/04/1984 | Tappam & Co. | 25.00 | 355.033573 PAM 1978 | 07/01/2014 | C-1 | Books |